Nazwy Państw Europy w 1000 Roku - Statystyki

Ogólne statystyki
  • Ten quiz został rozwiązany 128 razy
  • Średni wynik to 4 z 16
Statystyki odpowiedzi
Hint Odpowiedź % Poprawnych
Wielka Brytania Anglia
75%
Polska Królestwo Polskie
72%
Ukraina Ruś Kijowska
70%
Niemcy Święte Cesarstwo Rzymskie
66%
Grecja Cesarstwo Bizantyńskie/Bizancjum
36%
Hiszpania Kastylia
32%
Dania Królestwo Danii
21%
Chorwacja Królestwo Chorwackie
9%
Szwecja Królestwo Szwedzkie
9%
Bułgaria Carstwo Bułgarskie
8%
San Marino Republika San Marino
8%
Watykan Państwa Kościelne
3%
Rumunia Wołoszczyźnianie
2%
Portugalia Emirat Kordoby
1%
Włochy Księstwo Weneckie
1%
Islandia Republika Islandzka
1%
Nie znaleziono quizów pasujących do podanych kryteriów
Rozkład punktacji
Procent ludzi z każdym wynikiem
Percentyl według liczby udzielonych odpowiedzi
Twoja historia wyników
Nie rozwiązałeś tego quizu